Hình học Giáo trình đào tạo giáo viên Trung học cơ sở hệ Cao đẳng sư phạm Tập 3

Giáo trình đào tạo giáo viên Trung học cơ sở hệ Cao đẳng sư phạm

Đã lưu trong:
書目詳細資料
主要作者: Văn Như Chương (Kiều Huy Luân, Hoàng Trọng Thái)
格式: 圖書
語言:Vietnamese
出版: H. Giáo Dục 2000
版:In lần 2
主題:
標簽: 添加標簽
沒有標簽, 成為第一個標記此記錄!
Thư viện lưu trữ: Mạng thư viện Đại học Đà Nẵng
LEADER 01032nam a2200313 4500
001 000008490
003 4679
005 20111018151031.0
008 111018s2000 viesd
041 0 |a vie 
082 |a 516  |b VA-C 
100 0 |a Văn Như Chương  |e Kiều Huy Luân, Hoàng Trọng Thái 
245 1 0 |a Hình học  |b Giáo trình đào tạo giáo viên Trung học cơ sở hệ Cao đẳng sư phạm  |c Văn Như Chương  |n Tập 3 
250 |a In lần 2 
260 |a H.  |b Giáo Dục  |c 2000 
300 |a 110tr,  |c 20cm 
520 |a Giáo trình đào tạo giáo viên Trung học cơ sở hệ Cao đẳng sư phạm 
653 |a Giáo trình 
653 |a hình học 
773 |b Tái bản lần thứ 2  |d Giáo dục  |d H.  |d 2000  |t Hình học  |w 4247 
910 |a Quang Huy  |d 18/10/2011 
OWN |a LSP 
999 |a From the UDN01 
TYP |a Monograph 
TYP |a Printed language 
980 |a Mạng thư viện Đại học Đà Nẵng